| 000 | 00786nam a2200205 a 4500 | ||
|---|---|---|---|
| 001 | 54607 | ||
| 005 | 20180714045533.0 | ||
| 008 | 140415s2008 sp 000 0 spa d | ||
| 020 | _a9788479149291 | ||
| 041 | _aspa | ||
| 082 |
_a128 _bPRI |
||
| 100 | 1 | _aPRIETO LOPEZ, LEOPOLDO | |
| 245 | 1 | 3 |
_aEL HOMBRE Y EL ANIMAL : _bNUEVAS FRONTERAS DE LA ANTROPOLOGIA |
| 250 | _a1a ed. | ||
| 260 |
_aESPAÑA : _bBIBLIOTECA DE AUTORES CRISTIANOS, _c2008 |
||
| 300 |
_a418 _c13.7 x 3.2 x 20.5 |
||
| 490 |
_aESTUDIOS Y ENSAYOS / BIBLIOTECA DE AUTORES _vFILOSOFIA Y CIENCIAS CRISTIANOS |
||
| 520 | _aES UNA SINTESIS DE DIVERSAS INVESTIGACIONES INTERDISCIPLINARIAS EN LA SQUE DIALOGAN CIENCIA Y FILOSOFIA SOBRE EL APOSANIANTE TEMA DEL HOMBRE. | ||
| 650 | 1 | 4 | _aANTROPOLOGIA FILOSOFICA |
| 999 |
_c54607 _d54607 |
||